UNOPAR Cientf̕ica Jurd̕icas e Empresariais

Bibliographic Details
Format: Unknown
Language:Portuguese
Published: Brasil : Universidade Norte do Paran ̀
Subjects:
Online Access:Acceso restringido

MARC

LEADER 00000ny a22000003n 4500
005 2011051305415.0
008 101119c20009999bl ar pss 0 a0por d
022 |a 1517-9427 
035 |a 5038 
040 |a BUS  |d vLex 
090 |c 1871  |d 1871 
245 3 0 |a UNOPAR Cientf̕ica Jurd̕icas e Empresariais  |h [Recurso electrn̤ico] 
246 3 3 |a Revista cientf̕ica UNOPAR 
256 |a Servicio en ln̕ea 
260 |a Brasil :  |b Universidade Norte do Paran ̀ 
310 |a Anual 
506 1 |a Contenido solo disponible en los productos indicados  |d vLex Global  |d vLex Global (Academic Edition, excluding Law Schools)  |d vLex Global (U.S. Academic Edition, Law Schools)  |d vLex Global (U.S. Academic Edition, excluding Law Schools)  |d vLex Global (Academic Edition, Law Schools) 
650 0 4 |a Ciencias empresariales  |x Publicaciones perid̤icas 
650 0 4 |a Derecho  |x Publicaciones perid̤icas 
740 0 |a vLex Revista (Servicios en ln̕ea) 
843 |a Electrn̤ica. Abierta 
853 |8 1  |i (year)  |j (month)  |k (day) 
856 4 |u http://vlex.com/source/5038  |z Acceso restringido 
942 |c REV